000 00489nam a2200181Ia 4500
001 4631
005 20260306145810.0
008 260306t2006||||xx |||||||||||||| ||spa||
041 _aESP
082 _a327.85083
_bC38
100 _aCavieres F., Eduardo (ed.)
_eAUT
245 0 _aPerú-Chile/Chile-Perú 1820-1920:
_bdesarrollos políticos, económicos y culturales
260 _c2006
300 _a573 páginas :
_c23 cm.
650 _aGEN
654 _aCHU
942 _cLIB
_dJUS
_fJUS
_2ddc
_n
999 _c4631
_d4631